00848nam a22002292 450000100060000000300080000600500170001400800390003103500190007004000270008904100080011608200220012410000280014624500870017426000590026130000480032050400370036865000530040594200120045899900170047095201310048710487BD-RjUL20211208234949.0140123s1936 enka b 001 0 eng a(BD-RjUL)10535 aDLCcGATdBD-RjULbeng aeng00a546.072bKII 19361 aKing, Alexander.93239010aInorganic preparations :ba systematic course of experiments /cby Alexander King. aLondon ;bT. Murby ;aNew York :bVan Nostrand,c1936. avii-xi, 164 p. :billus., diagrs. ;c22 cm. aIncludes "References" and index. 0aChemistry, InorganicvLaboratory manuals.920821 2ddccBK c10487d10487 00102ddc40718NFICaRUCLbRUCLcReadingd1976-05-12eB.N.B.Cl0o546.072 KII 1936r2014-01-23 00:00:00tC-1w2014-01-23yBK